000 01135nam a2200301 i 4500
003 EG-GICUC
005 20260416113408.0
008 260416s1934 it ||f |||| 001 0 ita d
040 _aEG-GiCUC
_cEG-GiCUC
_dEG-GiCUC
_eRda
_bita
041 0 _aita
082 0 4 _221
_a343.045
_bMA . T
092 0 4 _221
099 _aLaw1 10 343.045 MA . T 1934
100 1 _aManzini , Vincenzo
_eAuthor.
245 1 0 _aTrattato di Diritto Penale Italiano :
_bSecondo Il Codice Del 1930.
_nVolume Terzo,
_pMisure di sicurezza – Cause estintive del reato e della pena – Fine della parte geuernlo /
_cAvv. Vincenzo Manzini.
264 1 _aTorino :
_bUnione Tipografico-Editrice Torinese ,
_c1934-XII.
300 _a658 pages ;
_c24 cm.
_billustrations,
336 _2rda contenu
_a texte
337 _2rda medias
_aOrdinateur
338 _2 transporteur rda
_a Ressource en ligne
504 _aIncludes bibliographical references and index.
546 _a Text in Italian
650 1 4 _aCriminal law
_zItaly
_2qrmak
651 1 _2qrmak
856 4 0 _uhttps://fll.law.cu.edu.eg/fulltext/bks/B10-09096.pdf
905 _a43
942 _2ddc
_cBK
_e21
_n0
999 _c71384
_d71384